[Event "DEM U10w 2024"]
[Site "Willingen GER"]
[Date "2024.05.21"]
[Round "5"]
[White "Sriram, Yashasri"]
[Black "Pygoch, Lene"]
[Result "1-0"]
[Termination "normal"]
[Board "17"]
[WhiteElo "1576"]
[BlackElo "917"]
[WhiteClock "00:59:31"]
[BlackClock "01:12:34"]
[PlyCount "85"]
[WhiteFideId "34656243"]
[BlackFideId "533016496"]
[EventCountry "GER"]
[EventRounds "11"]
[EventType "swiss"]
[EventDate "2024.05.18"]

1. e4 {[%clk 01:15:42]} {[%emt 00:00:17]} e5 {[%clk 01:15:53]} 2. Nf3 {[%clk
01:16:03]} {[%emt 00:00:16]} Nc6 {[%clk 01:16:11]} 3. Bc4 {[%clk 01:16:06]}
{[%emt 00:00:40]} Bc5 {[%clk 01:16:10]} 4. c3 {[%clk 01:16:10]} {[%emt
00:00:56]} Nf6 {[%clk 01:16:32]} 5. d3 {[%clk 01:16:31]} {[%emt 00:00:18]} d6
{[%clk 01:16:42]} 6. a4 {[%clk 01:15:58]} {[%emt 00:01:23]} Bg4 {[%clk
01:16:46]} 7. b4 {[%clk 01:16:11]} {[%emt 00:00:42]} Nxb4 {[%clk 01:14:06]} 8.
cxb4 {[%clk 01:16:28]} {[%emt 00:03:24]} Bxb4+ {[%clk 01:14:26]} 9. Bd2 {[%clk
01:16:42]} {[%emt 00:00:26]} Bc5 {[%clk 01:14:36]} 10. h3 {[%clk 01:16:48]}
{[%emt 00:00:43]} Bh5 {[%clk 01:14:54]} 11. O-O {[%clk 01:16:53]} {[%emt
00:00:36]} O-O {[%emt 00:00:18]} 12. Nc3 {[%clk 01:16:59]} {[%emt 00:00:19]}
Bd4 {[%clk 01:14:27]} {[%emt 00:01:16]} 13. g4 {[%clk 01:16:08]} {[%emt
00:01:20]} Nxg4 {[%clk 01:12:37]} {[%emt 00:02:19]} 14. hxg4 {[%clk 01:16:11]}
{[%emt 00:00:28]} Bxg4 {[%clk 01:12:57]} {[%emt 00:00:09]} 15. Rb1 {[%clk
01:15:44]} {[%emt 00:00:58]} Qf6 {[%clk 01:12:12]} {[%emt 00:01:15]} 16. Kg2
{[%clk 01:14:02]} {[%emt 00:02:12]} Qg6 {[%clk 01:12:07]} {[%emt 00:00:34]} 17.
Nd5 {[%clk 01:06:22]} {[%emt 00:08:11]} Be6+ {[%clk 01:11:48]} {[%emt
00:00:49]} 18. Kh1 {[%clk 01:03:19]} {[%emt 00:03:34]} Qh5+ {[%clk 01:11:41]}
{[%emt 00:00:36]} 19. Nh2 {[%clk 01:03:32]} {[%emt 00:00:17]} Bg4 {[%clk
01:11:48]} {[%emt 00:00:22]} 20. Qxg4 {[%clk 01:03:35]} {[%emt 00:00:27]} Qxg4
{[%clk 01:10:43]} {[%emt 00:01:35]} 21. Nxg4 {[%clk 01:02:21]} {[%emt
00:01:44]} a6 {[%clk 01:10:54]} {[%emt 00:00:20]} 22. Rxb7 {[%clk 01:01:14]}
{[%emt 00:01:37]} h6 {[%clk 01:10:46]} {[%emt 00:00:36]} 23. Rxc7 {[%clk
01:00:59]} {[%emt 00:00:47]} Rab8 {[%clk 01:11:00]} {[%emt 00:00:17]} 24. Bxa6
{[%clk 01:00:32]} {[%emt 00:00:57]} h5 {[%clk 01:11:04]} {[%emt 00:00:25]} 25.
Nge3 {[%clk 01:00:41]} {[%emt 00:00:21]} Ra8 {[%clk 01:11:06]} {[%emt
00:00:27]} 26. Bb5 {[%clk 01:00:55]} {[%emt 00:00:18]} Rab8 {[%clk 01:11:26]}
{[%emt 00:00:10]} 27. Rfc1 {[%clk 01:01:13]} {[%emt 00:00:12]} Bb2 {[%clk
01:11:25]} {[%emt 00:00:30]} 28. Rb1 {[%clk 01:01:16]} {[%emt 00:00:27]} Bd4
{[%clk 01:11:29]} {[%emt 00:00:26]} 29. a5 {[%clk 01:01:32]} {[%emt 00:00:15]}
g5 {[%clk 01:09:56]} {[%emt 00:02:02]} 30. Nf6+ {[%clk 01:00:43]} {[%emt
00:01:19]} Kg7 {[%clk 01:10:06]} {[%emt 00:00:20]} 31. Nd7 {[%clk 00:59:58]}
{[%emt 00:01:16]} Rbd8 {[%clk 01:10:08]} {[%emt 00:00:26]} 32. Nxf8 {[%clk
00:59:45]} {[%emt 00:00:43]} Rxf8 {[%clk 01:10:29]} {[%emt 00:00:09]} 33. Nf5+
{[%clk 00:59:50]} {[%emt 00:00:26]} Kf6 {[%clk 01:10:35]} {[%emt 00:00:23]} 34.
Nxd4 {[%clk 00:58:50]} {[%emt 00:01:31]} exd4 {[%clk 01:10:42]} {[%emt
00:00:22]} 35. a6 {[%clk 00:58:03]} {[%emt 00:01:18]} g4 {[%clk 01:11:02]}
{[%emt 00:00:10]} 36. a7 {[%clk 00:58:27]} {[%emt 00:00:06]} h4 {[%clk
01:11:19]} {[%emt 00:00:13]} 37. Rb7 {[%clk 00:58:29]} {[%emt 00:00:28]} h3
{[%clk 01:11:24]} {[%emt 00:00:25]} 38. Rb8 {[%clk 00:58:48]} {[%emt 00:00:12]}
Rxb8 {[%clk 01:11:43]} {[%emt 00:00:10]} 39. axb8=Q {[%clk 00:59:05]} {[%emt
00:00:13]} d5 {[%clk 01:11:53]} {[%emt 00:00:20]} 40. Qd6+ {[%clk 00:59:06]}
{[%emt 00:00:29]} Kg7 {[%clk 01:12:03]} {[%emt 00:00:19]} 41. Qh6+ {[%clk
00:59:14]} {[%emt 00:00:23]} Kg8 {[%clk 01:12:15]} {[%emt 00:00:17]} 42. Bc4
{[%clk 00:59:13]} {[%emt 00:00:32]} dxc4 {[%clk 01:12:34]} {[%emt 00:00:11]}
43. Rb8# {[%clk 00:59:31]} {[%emt 00:00:12]} 1-0

[Event "DEM U10w 2024"]
[Site "Willingen GER"]
[Date "2024.05.21"]
[Round "5"]
[White "Naz Öksüz, Meryem"]
[Black "He, Siqi"]
[Result "1-0"]
[Termination "normal"]
[Board "18"]
[WhiteElo "1154"]
[BlackElo "907"]
[WhiteClock "01:19:22"]
[BlackClock "01:18:15"]
[PlyCount "21"]
[WhiteFideId "533025860"]
[BlackFideId "34682708"]
[EventCountry "GER"]
[EventRounds "11"]
[EventType "swiss"]
[EventDate "2024.05.18"]

1. e4 {[%clk 01:15:59]} e5 {[%clk 01:15:57]} {[%emt 00:00:04]} 2. Nf3 {[%clk
01:16:26]} {[%emt 00:00:03]} Nc6 {[%clk 01:16:23]} {[%emt 00:00:04]} 3. Bc4
{[%clk 01:16:53]} {[%emt 00:00:03]} Bc5 {[%clk 01:16:47]} {[%emt 00:00:06]} 4.
c3 {[%clk 01:17:18]} {[%emt 00:00:04]} d6 {[%clk 01:17:09]} {[%emt 00:00:08]}
5. d4 {[%clk 01:17:42]} {[%emt 00:00:07]} exd4 {[%clk 01:17:12]} {[%emt
00:00:27]} 6. cxd4 {[%clk 01:18:05]} {[%emt 00:00:06]} Bb4+ {[%clk 01:17:23]}
{[%emt 00:00:20]} 7. Bd2 {[%clk 01:18:27]} {[%emt 00:00:08]} Bxd2+ {[%clk
01:17:24]} {[%emt 00:00:29]} 8. Nbxd2 {[%clk 01:18:50]} {[%emt 00:00:07]} Bg4
{[%clk 01:17:35]} {[%emt 00:00:19]} 9. h3 {[%clk 01:19:11]} {[%emt 00:00:09]}
Bxf3 {[%clk 01:17:56]} {[%emt 00:00:08]} 10. Qxf3 {[%clk 01:19:33]} {[%emt
00:00:09]} Nxd4 {[%clk 01:18:15]} {[%emt 00:00:11]} 11. Qxf7# {[%clk 01:19:22]}
{[%emt 00:00:11]} 1-0

[Event "DEM U10w 2024"]
[Site "Willingen GER"]
[Date "2024.05.21"]
[Round "5"]
[White "Mudriievskaya, Esther"]
[Black "Wittmann, Finja-Marie"]
[Result "1-0"]
[Termination "normal"]
[Board "19"]
[WhiteElo "1495"]
[BlackElo "763"]
[WhiteClock "00:57:34"]
[BlackClock "01:24:55"]
[PlyCount "101"]
[WhiteFideId "34676465"]
[BlackFideId "34673903"]
[EventCountry "GER"]
[EventRounds "11"]
[EventType "swiss"]
[EventDate "2024.05.18"]

1. e4 {[%clk 01:15:57]} {[%emt 00:00:02]} e5 {[%clk 01:15:56]} {[%emt
00:00:05]} 2. Nf3 {[%clk 01:16:18]} {[%emt 00:00:09]} Nc6 {[%clk 01:16:19]}
{[%emt 00:00:07]} 3. d4 {[%clk 01:16:36]} {[%emt 00:00:12]} Bd6 {[%clk
01:16:30]} {[%emt 00:00:19]} 4. Nxe5 {[%clk 01:15:06]} {[%emt 00:01:59]} Nxe5
{[%clk 01:16:49]} {[%emt 00:00:12]} 5. dxe5 {[%clk 01:15:24]} {[%emt 00:00:11]}
Bxe5 {[%clk 01:17:17]} {[%emt 00:00:03]} 6. Bc4 {[%clk 01:15:24]} {[%emt
00:00:25]} Nf6 {[%clk 01:17:30]} {[%emt 00:00:22]} 7. Nc3 {[%clk 01:15:02]}
{[%emt 00:00:49]} O-O {[%clk 01:17:51]} {[%emt 00:00:12]} 8. Bg5 {[%clk
01:14:56]} {[%emt 00:00:34]} d6 {[%clk 01:18:07]} {[%emt 00:00:15]} 9. Qd2
{[%clk 01:14:30]} {[%emt 00:00:52]} Qd7 {[%clk 01:18:03]} {[%emt 00:00:40]} 10.
O-O-O {[%clk 01:14:17]} {[%emt 00:00:42]} Qc6 {[%clk 01:17:43]} {[%emt
00:00:48]} 11. Bd5 {[%clk 01:13:34]} {[%emt 00:01:13]} Qb6 {[%clk 01:17:44]}
{[%emt 00:00:30]} 12. Rdg1 {[%clk 01:13:16]} {[%emt 00:00:42]} Bg4 {[%clk
01:17:30]} {[%emt 00:00:51]} 13. f3 {[%clk 01:12:45]} {[%emt 00:00:56]} Be6
{[%clk 01:17:33]} {[%emt 00:00:31]} 14. g4 {[%clk 01:12:07]} {[%emt 00:01:04]}
Qb4 {[%clk 01:17:35]} {[%emt 00:00:32]} 15. h4 {[%clk 01:09:57]} {[%emt
00:02:39]} Bd4 {[%clk 01:17:29]} {[%emt 00:00:38]} 16. Rg2 {[%clk 01:08:37]}
{[%emt 00:01:43]} Qc5 {[%clk 01:17:37]} {[%emt 00:00:25]} 17. h5 {[%clk
01:02:30]} {[%emt 00:06:40]} Bxc3 {[%clk 01:17:56]} {[%emt 00:00:12]} 18. Qxc3
{[%clk 01:01:58]} {[%emt 00:01:02]} Bxd5 {[%clk 01:17:54]} {[%emt 00:00:32]}
19. exd5 {[%clk 01:00:39]} {[%emt 00:01:48]} Nxd5 {[%clk 01:18:21]} {[%emt
00:00:04]} 20. Qxc5 {[%clk 01:00:28]} {[%emt 00:00:41]} dxc5 {[%clk 01:18:42]}
{[%emt 00:00:09]} 21. h6 {[%clk 01:00:21]} {[%emt 00:00:35]} gxh6 {[%clk
01:18:49]} {[%emt 00:00:24]} 22. Rxh6 {[%clk 01:00:12]} {[%emt 00:00:39]} Rae8
{[%clk 01:19:00]} {[%emt 00:00:19]} 23. Rgh2 {[%clk 00:59:24]} {[%emt
00:01:18]} Re1+ {[%clk 01:19:22]} {[%emt 00:00:08]} 24. Kd2 {[%clk 00:59:29]}
{[%emt 00:00:23]} Rfe8 {[%clk 01:19:39]} {[%emt 00:00:16]} 25. Kd3 {[%emt
00:02:42]} R8e3+ {[%clk 01:19:46]} {[%emt 00:00:02]} 26. Bxe3 {[%clk 00:57:28]}
{[%emt 00:00:38]} Rxe3+ {[%clk 01:20:06]} {[%emt 00:00:11]} 27. Kd2 {[%clk
00:57:13]} {[%emt 00:00:45]} Rxf3 {[%clk 01:19:52]} {[%emt 00:00:45]} 28. Rxh7
{[%clk 00:57:14]} {[%emt 00:00:28]} Kf8 {[%clk 01:19:52]} {[%emt 00:00:32]} 29.
R7h5 {[%clk 00:56:49]} {[%emt 00:00:44]} Nf4 {[%clk 01:20:01]} {[%emt
00:00:30]} 30. Rxc5 {[%clk 00:56:42]} {[%emt 00:00:36]} Rg3 {[%clk 01:19:59]}
{[%emt 00:00:33]} 31. Rxc7 {[%clk 00:56:17]} {[%emt 00:00:55]} Rxg4 {[%clk
01:20:20]} {[%emt 00:00:09]} 32. Rxb7 {[%clk 00:56:12]} {[%emt 00:00:34]} a6
{[%clk 01:20:09]} {[%emt 00:00:43]} 33. c4 {[%clk 00:56:12]} {[%emt 00:00:27]}
Rg6 {[%clk 01:20:29]} {[%emt 00:00:12]} 34. c5 {[%clk 00:56:03]} {[%emt
00:00:39]} Rc6 {[%clk 01:20:43]} {[%emt 00:00:16]} 35. b4 {[%clk 00:55:43]}
{[%emt 00:00:49]} Rc8 {[%clk 01:20:58]} {[%emt 00:00:17]} 36. a4 {[%clk
00:55:51]} {[%emt 00:00:20]} Rd8+ {[%clk 01:21:23]} {[%emt 00:00:07]} 37. Kc2
{[%clk 00:55:22]} {[%emt 00:00:56]} Nd5 {[%clk 01:21:26]} {[%emt 00:00:29]} 38.
Kb3 {[%clk 00:55:07]} {[%emt 00:00:42]} a5 {[%clk 01:21:28]} {[%emt 00:00:31]}
39. bxa5 {[%clk 00:55:06]} {[%emt 00:00:31]} Ra8 {[%clk 01:21:43]} {[%emt
00:00:16]} 40. Rh8+ {[%clk 00:54:57]} {[%emt 00:00:38]} Kg7 {[%clk 01:22:05]}
{[%emt 00:00:08]} 41. Rxa8 {[%clk 00:55:19]} {[%emt 00:00:09]} Nf6 {[%clk
01:22:11]} {[%emt 00:00:24]} 42. c6 {[%clk 00:55:25]} {[%emt 00:00:22]} Nd5
{[%clk 01:22:19]} {[%emt 00:00:23]} 43. c7 {[%clk 00:55:37]} {[%emt 00:00:19]}
Nxc7 {[%clk 01:22:42]} {[%emt 00:00:07]} 44. Rxc7 {[%clk 00:55:49]} {[%emt
00:00:18]} Kg6 {[%clk 01:22:58]} {[%emt 00:00:14]} 45. Rg8+ {[%clk 00:56:07]}
{[%emt 00:00:10]} Kh7 {[%clk 01:23:18]} {[%emt 00:00:12]} 46. a6 {[%clk
00:56:13]} {[%emt 00:00:25]} Kxg8 {[%clk 01:23:39]} {[%emt 00:00:07]} 47. a7
{[%clk 00:56:37]} {[%emt 00:00:06]} Kg7 {[%clk 01:24:02]} {[%emt 00:00:08]} 48.
a8=Q {[%clk 00:56:59]} {[%emt 00:00:07]} Kg6 {[%clk 01:24:17]} {[%emt
00:00:16]} 49. Qe4+ {[%clk 00:57:21]} {[%emt 00:00:08]} Kg7 {[%clk 01:24:38]}
{[%emt 00:00:09]} 50. Qf4 {[%clk 00:57:44]} {[%emt 00:00:07]} Kf8 {[%clk
01:24:55]} {[%emt 00:00:13]} 51. Qxf7# {[%clk 00:57:34]} {[%emt 00:00:10]} 1-0

[Event "DEM U10w 2024"]
[Site "Willingen GER"]
[Date "2024.05.21"]
[Round "5"]
[White "Böhm, Arwen Skadi"]
[Black "Subocz, Emma"]
[Result "0-1"]
[Termination "normal"]
[Board "20"]
[WhiteElo "968"]
[BlackElo "1028"]
[WhiteClock "00:39:07"]
[BlackClock "01:23:25"]
[PlyCount "114"]
[BlackFideId "41805666"]
[EventCountry "GER"]
[EventRounds "11"]
[EventType "swiss"]
[EventDate "2024.05.18"]

1. e4 {[%clk 01:15:59]} {[%emt 00:00:01]} c5 {[%clk 01:15:55]} {[%emt
00:00:05]} 2. Nf3 {[%clk 01:16:24]} {[%emt 00:00:05]} d6 {[%clk 01:16:20]}
{[%emt 00:00:05]} 3. d4 {[%clk 01:16:40]} {[%emt 00:00:12]} cxd4 {[%clk
01:16:45]} {[%emt 00:00:07]} 4. Nxd4 {[%clk 01:17:00]} {[%emt 00:00:10]} Nf6
{[%clk 01:17:11]} {[%emt 00:00:05]} 5. Nc3 {[%clk 01:17:01]} {[%emt 00:00:11]}
g6 {[%clk 01:17:38]} {[%emt 00:00:19]} 6. Be3 {[%clk 01:17:21]} {[%emt
00:00:10]} Bg7 {[%clk 01:18:03]} {[%emt 00:00:06]} 7. f3 {[%clk 01:17:42]}
{[%emt 00:00:09]} Nc6 {[%clk 01:18:27]} {[%emt 00:00:07]} 8. Qd2 {[%clk
01:17:53]} {[%emt 00:00:17]} O-O {[%clk 01:18:46]} {[%emt 00:00:12]} 9. O-O-O
{[%clk 01:18:16]} {[%emt 00:00:07]} Bd7 {[%clk 01:19:13]} {[%emt 00:00:03]} 10.
g4 {[%clk 01:18:23]} {[%emt 00:00:22]} Rc8 {[%clk 01:17:54]} {[%emt 00:01:50]}
11. h4 {[%clk 01:18:42]} {[%emt 00:00:09]} h5 {[%clk 01:18:17]} {[%emt
00:00:09]} 12. gxh5 {[%clk 01:15:07]} {[%emt 00:04:05]} Nxh5 {[%clk 01:18:38]}
{[%emt 00:00:09]} 13. Bh3 {[%clk 01:14:15]} {[%emt 00:00:55]} Ne5 {[%clk
01:18:16]} {[%emt 00:01:19]} 14. Bf1 {[%clk 01:13:56]} {[%emt 00:00:47]} Nc4
{[%clk 01:17:44]} {[%emt 00:01:04]} 15. Bxc4 {[%clk 01:14:10]} {[%emt
00:00:16]} Rxc4 {[%clk 01:18:07]} {[%emt 00:00:08]} 16. f4 {[%clk 00:59:31]}
{[%emt 00:15:08]} a6 {[%clk 01:17:10]} {[%emt 00:01:27]} 17. f5 {[%clk
00:58:53]} {[%emt 00:01:07]} e5 {[%clk 01:16:48]} {[%emt 00:00:53]} 18. Nb3
{[%clk 00:58:32]} {[%emt 00:00:41]} Ng3 {[%clk 01:16:57]} {[%emt 00:00:31]} 19.
Rh3 {[%clk 00:54:17]} {[%emt 00:04:42]} Nxe4 {[%clk 01:16:54]} {[%emt
00:00:35]} 20. Nxe4 {[%clk 00:53:12]} {[%emt 00:01:35]} Rxe4 {[%clk 01:17:19]}
{[%emt 00:00:05]} 21. Bh6 {[%clk 00:52:49]} {[%emt 00:00:51]} Rxh4 {[%clk
01:17:14]} {[%emt 00:00:37]} 22. Bg5 {[%clk 00:52:25]} {[%emt 00:00:53]} Qxg5
{[%clk 01:17:19]} {[%emt 00:00:27]} 23. Qxg5 {[%clk 00:52:39]} {[%emt
00:00:14]} Bh6 {[%clk 01:17:47]} {[%emt 00:00:04]} 24. Qxh6 {[%emt 00:00:52]}
Rxh6 {[%clk 01:18:11]} {[%emt 00:00:05]} 25. Rxh6 {[%emt 00:00:18]} Bxf5 {[%emt
00:00:15]} 26. Rxd6 {[%clk 00:51:11]} {[%emt 00:01:02]} e4 {[%clk 01:17:58]}
{[%emt 00:00:44]} 27. Kd2 {[%clk 00:49:43]} {[%emt 00:01:57]} Re8 {[%clk
01:18:22]} {[%emt 00:00:08]} 28. Ke3 {[%clk 00:49:24]} {[%emt 00:00:45]} Kg7
{[%clk 01:18:45]} {[%emt 00:00:11]} 29. Rh4 {[%clk 00:49:06]} {[%emt 00:00:45]}
g5 {[%clk 01:18:45]} {[%emt 00:00:33]} 30. Rh2 {[%clk 00:48:51]} {[%emt
00:00:40]} f6 {[%clk 01:18:24]} {[%emt 00:00:56]} 31. Rd4 {[%clk 00:48:30]}
{[%emt 00:00:51]} Bg6 {[%clk 01:18:22]} {[%emt 00:00:32]} 32. Nc5 {[%clk
00:47:03]} {[%emt 00:01:56]} Re7 {[%clk 01:18:03]} {[%emt 00:00:50]} 33. Rd7
{[%clk 00:46:43]} {[%emt 00:00:46]} Rxd7 {[%clk 01:18:16]} {[%emt 00:00:20]}
34. Nxd7 {[%clk 00:47:02]} {[%emt 00:00:10]} b5 {[%clk 01:18:24]} {[%emt
00:00:24]} 35. Nc5 {[%clk 00:47:01]} {[%emt 00:00:30]} a5 {[%clk 01:18:38]}
{[%emt 00:00:17]} 36. Nxe4 {[%clk 00:47:20]} {[%emt 00:00:11]} f5 {[%clk
01:19:00]} {[%emt 00:00:08]} 37. Nd6 {[%clk 00:47:04]} {[%emt 00:00:46]} f4+
{[%clk 01:19:11]} {[%emt 00:00:19]} 38. Kf3 {[%clk 00:46:58]} {[%emt 00:00:29]}
b4 {[%clk 01:19:37]} {[%emt 00:00:11]} 39. b3 {[%clk 00:46:31]} {[%emt
00:00:57]} Kf6 {[%clk 01:19:41]} {[%emt 00:00:25]} 40. Ne4+ {[%clk 00:46:16]}
{[%emt 00:00:44]} Kf5 {[%clk 01:19:52]} {[%emt 00:00:21]} 41. c4 {[%clk
00:46:09]} {[%emt 00:00:36]} bxc3 {[%clk 01:20:10]} {[%emt 00:00:13]} 42. Nxc3
{[%clk 00:46:20]} {[%emt 00:00:19]} g4+ {[%clk 01:20:27]} {[%emt 00:00:13]} 43.
Kg2 {[%clk 00:46:08]} {[%emt 00:00:29]} g3 {[%clk 01:20:16]} {[%emt 00:00:53]}
44. Rh4 {[%clk 00:46:15]} {[%emt 00:00:14]} Kg5 {[%clk 01:20:42]} {[%emt
00:00:13]} 45. Rh3 {[%clk 00:46:11]} {[%emt 00:00:24]} Kg4 {[%clk 01:21:01]}
{[%emt 00:00:22]} 46. Rh1 {[%clk 00:45:06]} {[%emt 00:01:19]} f3+ {[%clk
01:21:19]} {[%emt 00:00:28]} 47. Kg1 {[%clk 00:45:12]} {[%emt 00:00:19]} g2
{[%clk 01:21:17]} {[%emt 00:00:36]} 48. Rh2 {[%clk 00:44:59]} {[%emt 00:00:16]}
Kg3 {[%clk 01:21:45]} {[%emt 00:00:30]} 49. Nd1 {[%clk 00:44:39]} {[%emt
00:00:47]} Bb1 {[%clk 01:21:38]} {[%emt 00:00:40]} 50. Nf2 {[%clk 00:44:11]}
{[%emt 00:00:54]} Bxa2 {[%clk 01:21:59]} {[%emt 00:00:13]} 51. Ne4+ {[%clk
00:44:30]} {[%emt 00:00:09]} Kf4 {[%clk 01:22:16]} {[%emt 00:00:15]} 52. Rh4+
{[%clk 00:44:40]} {[%emt 00:00:17]} Ke3 {[%clk 01:22:39]} {[%emt 00:00:10]} 53.
Rg4 {[%clk 00:44:20]} {[%emt 00:00:45]} Bxb3 {[%clk 01:22:53]} {[%emt
00:00:21]} 54. Nf2 {[%clk 00:44:06]} {[%emt 00:00:43]} Bc2 {[%clk 01:22:48]}
{[%emt 00:00:36]} 55. Rh4 {[%clk 00:43:56]} {[%emt 00:00:39]} a4 {[%clk
01:23:10]} {[%emt 00:00:10]} 56. Ng4+ {[%clk 00:44:03]} {[%emt 00:00:20]} Ke2
{[%clk 01:23:17]} {[%emt 00:00:24]} 57. Rh2 {[%clk 00:39:07]} {[%emt 00:05:26]}
a3 {[%clk 01:23:25]} {[%emt 00:00:23]} 0-1

[Event "DEM U10w 2024"]
[Site "Willingen GER"]
[Date "2024.05.21"]
[Round "5"]
[White "Fahim, Lina"]
[Black "Malan, Benita Helena"]
[Result "0-1"]
[Termination "normal"]
[Board "21"]
[WhiteElo "744"]
[BlackElo "738"]
[WhiteClock "01:16:13"]
[BlackClock "01:15:32"]
[PlyCount "42"]
[WhiteFideId "533004820"]
[EventCountry "GER"]
[EventRounds "11"]
[EventType "swiss"]
[EventDate "2024.05.18"]

1. e4 {[%clk 01:15:59]} {[%emt 00:00:01]} e5 {[%clk 01:15:48]} {[%emt
00:00:12]} 2. Nf3 {[%clk 01:16:26]} {[%emt 00:00:03]} Nc6 {[%clk 01:16:06]}
{[%emt 00:00:11]} 3. Bc4 {[%clk 01:16:48]} {[%emt 00:00:08]} Bc5 {[%clk
01:16:28]} {[%emt 00:00:09]} 4. Nc3 {[%clk 01:17:09]} {[%emt 00:00:09]} Nf6
{[%clk 01:16:42]} {[%emt 00:00:14]} 5. O-O {[%clk 01:17:32]} {[%emt 00:00:08]}
d6 {[%clk 01:15:08]} {[%emt 00:02:03]} 6. d3 {[%clk 01:17:30]} {[%emt
00:00:33]} Bg4 {[%clk 01:14:46]} {[%emt 00:00:51]} 7. Bg5 {[%clk 01:17:34]}
{[%emt 00:00:27]} h6 {[%clk 01:14:43]} {[%emt 00:00:32]} 8. Bh4 {[%clk
01:17:39]} {[%emt 00:00:25]} g5 {[%clk 01:15:02]} {[%emt 00:00:11]} 9. Bxg5
{[%clk 01:17:56]} {[%emt 00:00:14]} hxg5 {[%clk 01:15:01]} {[%emt 00:00:31]}
10. Nxg5 {[%clk 01:18:03]} {[%emt 00:00:24]} Bxd1 {[%clk 01:14:57]} {[%emt
00:00:31]} 11. Raxd1 {[%clk 01:18:05]} {[%emt 00:00:30]} Ng4 {[%clk 01:14:09]}
{[%emt 00:01:16]} 12. Nxf7 {[%clk 01:18:20]} {[%emt 00:00:16]} Qh4 {[%clk
01:14:23]} {[%emt 00:00:15]} 13. Rfe1 {[%clk 01:18:10]} {[%emt 00:00:42]} Qxh2+
{[%clk 01:14:43]} {[%emt 00:00:08]} 14. Kf1 {[%clk 01:18:34]} {[%emt 00:00:08]}
Qh1+ {[%emt 00:00:13]} 15. Ke2 {[%emt 00:00:15]} Nd4+ {[%emt 00:00:40]} 16. Kd2
{[%clk 01:18:34]} {[%emt 00:00:03]} Qh2 {[%clk 01:14:38]} {[%emt 00:00:23]} 17.
Na4 {[%clk 01:18:17]} {[%emt 00:00:49]} Qf4+ {[%clk 01:14:46]} {[%emt
00:00:19]} 18. Re3 {[%clk 01:17:39]} {[%emt 00:01:08]} Bb4+ {[%emt 00:01:20]}
19. Nc3 {[%clk 01:17:01]} {[%emt 00:00:12]} Qxf2+ {[%clk 01:15:04]} {[%emt
00:00:19]} 20. Re2 {[%clk 01:16:02]} {[%emt 00:01:28]} Qf4+ {[%clk 01:15:26]}
{[%emt 00:00:10]} 21. Ke1 {[%clk 01:16:13]} {[%emt 00:00:18]} Rh1# {[%clk
01:15:32]} {[%emt 00:00:25]} 0-1